书目信息 |
| 题名: |
群众合唱精品曲库
|
|
| 作者: | 品乐 编 | |
| 分册: | 民歌卷 | |
| 出版信息: | 上海 上海音乐出版社 2001 |
|
| 页数: | 312页 | |
| 开本: | 26cm | |
| 丛书名: | ||
| 单 册: | ||
| 中图分类: | J642.53 | |
| 科图分类: | ||
| 主题词: | 民歌--合唱--作品集--中国 | |
| 电子资源: | ||
| ISBN: | 7-80553-870-0 | |
| 000 | 00600nam0 2200205 45 | |
| 001 | 0302241754 | |
| 005 | 20031219104105.7 | |
| 010 | @a7-80553-870-0@dCNY27.00 | |
| 100 | @a20030224d2001 km y0chiy0120 ea | |
| 101 | 0 | @achi |
| 105 | @a z 000yy | |
| 200 | 1 | @a群众合唱精品曲库@i民歌卷@AQun Zhong He Chang Jing Pin Qu Ku@f品乐编@FPin Yue Bian |
| 210 | @a上海@c上海音乐出版社@d2001 | |
| 215 | @a312页@d26cm | |
| 517 | @a民歌卷@AMin Ge Juan | |
| 606 | 0 | @a民歌@x合唱@x作品集@y中国 |
| 690 | @aJ642.53@v4 | |
| 701 | 0 | @a品乐@4编 |
| 801 | @aCN@bTSTC@c20030224 | |
| 905 | @b320092-094@dJ642.53@e152:2@f3 | |
| 群众合唱精品曲库.民歌卷/品乐编.-上海:上海音乐出版社,2001 |
| 312页;26cm |
| ISBN 7-80553-870-0:CNY27.00 |
| ● |
| 相关链接 |
|
|
|
|
正题名:群众合唱精品曲库
索取号:J642.53/152:2
 
预约/预借
| 序号 | 登录号 | 条形码 | 馆藏地/架位号 | 状态 | 备注 |
| 1 | 0320092 | 203200927 | 第一借阅区/ [索取号:J642.53/152:2] | 在馆 | |
| 2 | 0320093 | 203200936 | 第一借阅区/ [索取号:J642.53/152:2] | 在馆 | |
| 3 | 0320094 | 203200945 | 第一借阅区/ [索取号:J642.53/152:2] | 在馆 |